| 000 | 00359 a2200145 4500 | ||
|---|---|---|---|
| 999 |
_c11973 _d11973 |
||
| 003 | OSt | ||
| 005 | 20240117182604.0 | ||
| 008 | 231229b ||||| |||| 00| 0 eng d | ||
| 020 | _a9788968010217 | ||
| 082 | _a307.3416 | ||
| 100 | _aStratis | ||
| 245 |
_aDamdi academic series 5: _bThe uaw book about urban awareness |
||
| 260 |
_bDamdi _c2013 |
||
| 942 | _2ddc | ||